[Event "Wroclaw"]
[Site "?"]
[Date "2020.08.27"]
[Round "1.1"]
[White "Baum, Jonasz"]
[Black "Wrona, Florian"]
[Result "1-0"]
[BlackElo "1483"]
[WhiteElo "2187"]
[LiveChessVersion "1.4.8"]

1. d4 {[%clk 0:03:03]} d5 {[%clk 0:03:03]} 2. c4 {[%clk 0:03:04]} e6
{[%clk 0:03:04]} 3. Nf3 {[%clk 0:03:05]} Nf6 {[%clk 0:03:05]} 4. g3
{[%clk 0:03:03]} b6 {[%clk 0:03:04]} 5. Bg2 {[%clk 0:03:02]} Bb7 {[%clk 0:03:04]}
6. O-O {[%clk 0:02:55]} Be7 {[%clk 0:03:00]} 7. cxd5 {[%clk 0:02:53]} Nxd5
{[%clk 0:02:47]} 8. Nc3 {[%clk 0:02:50]} O-O {[%clk 0:02:42]} 9. Qc2
{[%clk 0:02:47]} Nd7 {[%clk 0:01:55]} 10. e4 {[%clk 0:02:24]} Nxc3
{[%clk 0:01:45]} 11. bxc3 {[%clk 0:02:25]} h6 {[%clk 0:01:45]} 12. e5
{[%clk 0:02:13]} c5 {[%clk 0:01:30]} 13. Ng5 {[%clk 0:01:57]} Bxg5
{[%clk 0:01:27]} 14. Bxb7 {[%clk 0:01:55]} Rb8 {[%clk 0:01:28]} 15. Bg2
{[%clk 0:01:55]} Be7 {[%clk 0:01:14]} 16. Be3 {[%clk 0:01:41]} cxd4
{[%clk 0:01:05]} 17. cxd4 {[%clk 0:01:42]} Rc8 {[%clk 0:01:06]} 18. Qa4
{[%clk 0:01:40]} a5 {[%clk 0:00:53]} 19. Rac1 {[%clk 0:01:39]} Nb8
{[%clk 0:00:37]} 20. Qb5 {[%clk 0:01:33]} Nd7 {[%clk 0:00:21]} 21. Rxc8
{[%clk 0:01:19]} Qxc8 {[%clk 0:00:21]} 22. Rc1 {[%clk 0:01:20]} Qd8
{[%clk 0:00:19]} 23. a4 {[%clk 0:01:12]} Bb4 {[%clk 0:00:14]} 24. h4
{[%clk 0:01:01]} Qe7 {[%clk 0:00:05]} 25. Rc7 {[%clk 0:01:01]} Rd8
{[%clk 0:00:05]} 26. Bc6 {[%clk 0:01:02]} 1-0

[Event "Wroclaw"]
[Site "?"]
[Date "2020.08.27"]
[Round "1.2"]
[White "Skrzypczynski, Kacper"]
[Black "Oglaza, Oskar"]
[Result "0-1"]
[BlackElo "2183"]
[WhiteElo "1457"]
[LiveChessVersion "1.4.8"]

1. d4 {[%clk 0:03:03]} Nf6 {[%clk 0:03:03]} 2. f4 {[%clk 0:03:05]} g6
{[%clk 0:03:00]} 3. Nf3 {[%clk 0:03:05]} Bg7 {[%clk 0:02:59]} 4. e3
{[%clk 0:03:07]} O-O {[%clk 0:02:57]} 5. Bd3 {[%clk 0:03:08]} b6 {[%clk 0:02:43]}
6. c3 {[%clk 0:03:08]} Bb7 {[%clk 0:02:43]} 7. Nbd2 {[%clk 0:03:05]} c5
{[%clk 0:02:42]} 8. Qe2 {[%clk 0:02:49]} Nc6 {[%clk 0:02:37]} 9. O-O
{[%clk 0:02:47]} d6 {[%clk 0:02:35]} 10. Ng5 {[%clk 0:02:23]} e5 {[%clk 0:02:30]}
11. fxe5 {[%clk 0:02:09]} dxe5 {[%clk 0:02:30]} 12. dxc5 {[%clk 0:01:50]} bxc5
{[%clk 0:02:28]} 13. Ba6 {[%clk 0:01:47]} Bxa6 {[%clk 0:02:11]} 14. Qxa6
{[%clk 0:01:48]} Rc8 {[%clk 0:01:17]} 15. e4 {[%clk 0:01:17]} h6 {[%clk 0:01:05]}
16. Ngf3 {[%clk 0:01:16]} Qe7 {[%clk 0:00:56]} 17. Re1 {[%clk 0:00:57]} Rfd8
{[%clk 0:00:44]} 18. Nb3 {[%clk 0:00:48]} c4 {[%clk 0:00:23]} 19. Na5
{[%clk 0:00:47]} Nxa5 {[%clk 0:00:22]} 20. Qxa5 {[%clk 0:00:48]} Ng4
{[%clk 0:00:21]} 21. h3 {[%clk 0:00:43]} Nf6 {[%clk 0:00:22]} 22. Be3
{[%clk 0:00:35]} Nxe4 {[%clk 0:00:22]} 23. Bxh6 {[%clk 0:00:30]} Bxh6
{[%clk 0:00:19]} 24. Rxe4 {[%clk 0:00:31]} f6 {[%clk 0:00:20]} 25. Ree1
{[%clk 0:00:15]} Rc5 {[%clk 0:00:17]} 26. Qb4 {[%clk 0:00:15]} Qc7
{[%clk 0:00:17]} 27. Rad1 {[%clk 0:00:14]} Rxd1 {[%clk 0:00:16]} 28. Rxd1
{[%clk 0:00:16]} Be3+ {[%clk 0:00:16]} 29. Kh1 {[%clk 0:00:16]} e4
{[%clk 0:00:16]} 30. Nd4 {[%clk 0:00:10]} Bxd4 {[%clk 0:00:14]} 31. cxd4
{[%clk 0:00:12]} Rd5 {[%clk 0:00:14]} 32. Qe1 {[%clk 0:00:09]} Qf4
{[%clk 0:00:13]} 33. Qa5 {[%clk 0:00:08]} Rxa5 {[%clk 0:00:14]} 34. d5
{[%clk 0:00:08]} Qd6 {[%clk 0:00:12]} 0-1

[Event "Wroclaw"]
[Site "?"]
[Date "2020.08.27"]
[Round "1.3"]
[White "Niedbala, Bartlomiej"]
[Black "Kossowski, Pawel"]
[Result "1-0"]
[BlackElo "1429"]
[WhiteElo "2131"]
[LiveChessVersion "1.4.8"]

1. d4 {[%clk 0:03:03]} d5 {[%clk 0:03:03]} 2. c4 {[%clk 0:03:05]} e6
{[%clk 0:03:05]} 3. Nf3 {[%clk 0:03:06]} Nf6 4. Nc3 Be7 {[%clk 0:03:06]} 5. Bf4
{[%clk 0:03:08]} O-O {[%clk 0:03:05]} 6. Rc1 {[%clk 0:03:09]} b6 {[%clk 0:03:01]}
7. cxd5 {[%clk 0:03:09]} exd5 {[%clk 0:02:57]} 8. e3 {[%clk 0:03:09]} Bb7
{[%clk 0:02:54]} 9. Bd3 {[%clk 0:03:06]} c5 {[%clk 0:02:53]} 10. O-O
{[%clk 0:03:06]} Nbd7 {[%clk 0:02:40]} 11. h3 {[%clk 0:02:55]} Re8
{[%clk 0:02:33]} 12. Bb1 {[%clk 0:02:47]} Nf8 {[%clk 0:02:19]} 13. Bh2
{[%clk 0:02:41]} Ne6 {[%clk 0:02:11]} 14. dxc5 {[%clk 0:02:05]} bxc5
{[%clk 0:02:09]} 15. Ne2 {[%clk 0:02:01]} Qb6 {[%clk 0:02:02]} 16. b3
{[%clk 0:01:59]} a5 {[%clk 0:01:59]} 17. Nc3 {[%clk 0:01:59]} Red8
{[%clk 0:01:48]} 18. Na4 {[%clk 0:02:00]} Qc6 {[%clk 0:01:36]} 19. Ne5
{[%clk 0:02:01]} Qb5 {[%clk 0:01:20]} 20. Bd3 {[%clk 0:01:54]} Qe8
{[%clk 0:01:20]} 21. Be2 {[%clk 0:01:44]} Bc6 {[%clk 0:01:20]} 22. Nxc6
{[%clk 0:01:39]} Qxc6 {[%clk 0:01:21]} 23. Bf3 {[%clk 0:01:37]} Qd7
{[%clk 0:00:57]} 24. Nb6 {[%clk 0:01:37]} Qb7 {[%clk 0:00:54]} 25. Nxa8
{[%clk 0:01:38]} Rxa8 {[%clk 0:00:56]} 26. Be5 {[%clk 0:01:38]} Rd8
{[%clk 0:00:50]} 27. Bc3 {[%clk 0:01:22]} Qa6 {[%clk 0:00:39]} 28. Bxf6
{[%clk 0:01:15]} Bxf6 {[%clk 0:00:38]} 29. Bxd5 {[%clk 0:01:17]} Nc7
{[%clk 0:00:35]} 30. e4 {[%clk 0:01:15]} Nxd5 {[%clk 0:00:34]} 31. exd5
{[%clk 0:01:16]} Bd4 {[%clk 0:00:35]} 32. Qf3 {[%clk 0:01:09]} Qb7
{[%clk 0:00:27]} 33. Rfe1 {[%clk 0:01:06]} h6 {[%clk 0:00:27]} 34. Rc4
{[%clk 0:00:58]} Qxd5 {[%clk 0:00:21]} 35. Re8+ {[%clk 0:00:49]} Kh7
{[%clk 0:00:15]} 36. Qxd5 {[%clk 0:00:50]} Rxd5 {[%clk 0:00:15]} 37. Rc8
{[%clk 0:00:51]} Re5 {[%clk 0:00:10]} 38. Rc2 {[%clk 0:00:41]} Re1+
{[%clk 0:00:11]} 39. Kh2 {[%clk 0:00:42]} Rf1 {[%clk 0:00:11]} 40. g3
{[%clk 0:00:35]} Rxf2+ {[%clk 0:00:09]} 41. Rxf2 {[%clk 0:00:36]} Bxf2
{[%clk 0:00:10]} 42. Kg2 {[%clk 0:00:38]} Bd4 {[%clk 0:00:11]} 43. Kf3
{[%clk 0:00:38]} Kg6 {[%clk 0:00:11]} 44. Ke4 {[%clk 0:00:39]} f5+
{[%clk 0:00:09]} 45. Kf3 {[%clk 0:00:34]} Kg5 {[%clk 0:00:07]} 46. Rb8
{[%clk 0:00:33]} g6 {[%clk 0:00:07]} 47. Rb5 {[%clk 0:00:34]} Kf6
{[%clk 0:00:06]} 48. Rxa5 {[%clk 0:00:35]} Ke5 {[%clk 0:00:06]} 49. Ra6
{[%clk 0:00:36]} g5 {[%clk 0:00:04]} 50. Rxh6 {[%clk 0:00:36]} f4
{[%clk 0:00:04]} 51. gxf4+ {[%clk 0:00:36]} gxf4 {[%clk 0:00:05]} 52. Rh5+
{[%clk 0:00:37]} Kf6 {[%clk 0:00:05]} 53. Kxf4 {[%clk 0:00:38]} Kg6
{[%clk 0:00:06]} 54. Rd5 {[%clk 0:00:38]} Kf6 {[%clk 0:00:07]} 55. Rxd4
{[%clk 0:00:40]} cxd4 {[%clk 0:00:08]} 56. Ke4 {[%clk 0:00:41]} Ke6
{[%clk 0:00:09]} 57. Kxd4 {[%clk 0:00:43]} Kf6 {[%clk 0:00:11]} 58. a4
{[%clk 0:00:44]} Kg5 {[%clk 0:00:12]} 59. b4 {[%clk 0:00:46]} Kh4 60. a5 Kxh3 61.
b5 Kg4 {[%clk 0:00:14]} 62. Kd5 {[%clk 0:00:51]} Kf5 {[%clk 0:00:15]} 63. Kd6
{[%clk 0:00:53]} Kf6 64. a6 Kf5 {[%clk 0:00:17]} 65. b6 {[%clk 0:00:56]} Ke4 66.
a7 Kd4 {[%clk 0:00:19]} 67. b7 {[%clk 0:00:59]} Kc4 {[%clk 0:00:20]} 68. a8=Q
{[%clk 0:00:58]} Kc3 {[%clk 0:00:20]} 69. Qc8+ {[%clk 0:00:59]} Kd3
{[%clk 0:00:21]} 70. Qg4 {[%clk 0:00:56]} Ke3 {[%clk 0:00:22]} 71. b8=R
{[%clk 0:00:55]} Kd3 {[%clk 0:00:23]} 72. Rh8 {[%clk 0:00:55]} Ke3
{[%clk 0:00:24]} 73. Rh3+ {[%clk 0:00:56]} Kf2 {[%clk 0:00:25]} 74. Ra3
{[%clk 0:00:55]} Ke1 {[%clk 0:00:25]} 75. Qg2 {[%clk 0:00:54]} Kd1
{[%clk 0:00:26]} 76. Ra1# 1-0

[Event "Wroclaw"]
[Site "?"]
[Date "2020.08.27"]
[Round "1.4"]
[White "Smuda, Tomasz"]
[Black "Luberanski, Jakub"]
[Result "0-1"]
[BlackElo "2087"]
[WhiteElo "1428"]
[LiveChessVersion "1.4.8"]

1. e4 {[%clk 0:03:03]} c5 {[%clk 0:03:03]} 2. c4 {[%clk 0:03:05]} Nc6
{[%clk 0:03:03]} 3. Nc3 {[%clk 0:03:06]} e6 {[%clk 0:03:00]} 4. g3
{[%clk 0:03:07]} g6 {[%clk 0:02:56]} 5. d3 {[%clk 0:03:08]} Bg7 {[%clk 0:02:54]}
6. Bg2 {[%clk 0:03:09]} Nge7 {[%clk 0:02:54]} 7. Nge2 {[%clk 0:03:09]} d6
{[%clk 0:02:45]} 8. O-O {[%clk 0:03:09]} O-O {[%clk 0:02:46]} 9. Be3
{[%clk 0:03:10]} Nd4 {[%clk 0:02:46]} 10. f4 {[%clk 0:02:57]} Rb8
{[%clk 0:02:37]} 11. a4 {[%clk 0:02:56]} a6 {[%clk 0:02:34]} 12. h3
{[%clk 0:02:39]} Qb6 {[%clk 0:02:15]} 13. Rb1 {[%clk 0:02:29]} Bd7
{[%clk 0:01:45]} 14. b3 {[%clk 0:01:59]} Qa5 {[%clk 0:01:35]} 15. Bd2
{[%clk 0:01:47]} Qc7 {[%clk 0:01:29]} 16. Kh2 {[%clk 0:01:42]} b5
{[%clk 0:01:22]} 17. axb5 {[%clk 0:01:41]} axb5 {[%clk 0:01:23]} 18. Nxd4
{[%clk 0:01:36]} cxd4 {[%clk 0:01:24]} 19. Ne2 {[%clk 0:01:27]} bxc4
{[%clk 0:01:06]} 20. bxc4 {[%clk 0:01:28]} Rxb1 {[%clk 0:01:06]} 21. Qxb1
{[%clk 0:01:29]} Rb8 {[%clk 0:01:07]} 22. Qc2 {[%clk 0:01:11]} Qb6
{[%clk 0:00:59]} 23. Rc1 {[%clk 0:00:52]} Nc6 {[%clk 0:00:42]} 24. Be1
{[%clk 0:00:33]} e5 {[%clk 0:00:26]} 25. Bd2 {[%clk 0:00:20]} Nb4
{[%clk 0:00:23]} 26. Bxb4 {[%clk 0:00:17]} Qxb4 {[%clk 0:00:24]} 27. Bf3
{[%clk 0:00:13]} Ba4 {[%clk 0:00:22]} 28. Qa2 {[%clk 0:00:11]} Bh6
{[%clk 0:00:09]} 29. Ra1 {[%clk 0:00:08]} Bc6 {[%clk 0:00:08]} 30. Qa6
{[%clk 0:00:06]} Bd7 {[%clk 0:00:04]} 31. Qa2 {[%clk 0:00:07]} exf4
{[%clk 0:00:04]} 32. Nxf4 {[%clk 0:00:08]} Qb2+ {[%clk 0:00:05]} 33. Qxb2
{[%clk 0:00:08]} Rxb2+ {[%clk 0:00:06]} 34. Ng2 {[%clk 0:00:06]} Be3
{[%clk 0:00:06]} 35. Ra8+ {[%clk 0:00:05]} Kg7 {[%clk 0:00:08]} 36. Ra6
{[%clk 0:00:06]} Rd2 {[%clk 0:00:07]} 37. Rxd6 {[%clk 0:00:06]} Be6
{[%clk 0:00:08]} 38. c5 {[%clk 0:00:06]} Rxd3 {[%clk 0:00:09]} 39. c6
{[%clk 0:00:07]} Rc3 {[%clk 0:00:10]} 40. e5 {[%clk 0:00:07]} Bg5
{[%clk 0:00:09]} 41. h4 {[%clk 0:00:04]} Be7 {[%clk 0:00:10]} 42. Rxe6
{[%clk 0:00:04]} fxe6 {[%clk 0:00:11]} 43. Be4 {[%clk 0:00:04]} d3
{[%clk 0:00:10]} 44. Ne3 {[%clk 0:00:05]} d2 {[%clk 0:00:11]} 45. Nd1
{[%clk 0:00:04]} Rc1 {[%clk 0:00:12]} 46. Bf3 {[%clk 0:00:05]} Bd8
{[%clk 0:00:13]} 47. Kg2 {[%clk 0:00:06]} Bc7 {[%clk 0:00:14]} 48. Kf2
{[%clk 0:00:06]} Bxe5 {[%clk 0:00:15]} 49. Ke2 {[%clk 0:00:07]} Bxg3
{[%clk 0:00:16]} 50. Kxd2 {[%clk 0:00:07]} Rc5 {[%clk 0:00:17]} 51. Ke2
{[%clk 0:00:06]} Bxh4 {[%clk 0:00:17]} 52. Ne3 {[%clk 0:00:07]} Bd8
{[%clk 0:00:18]} 53. Kd3 {[%clk 0:00:07]} h5 {[%clk 0:00:18]} 54. Nc4
{[%clk 0:00:07]} Bc7 {[%clk 0:00:19]} 55. Kd4 {[%clk 0:00:07]} Rf5
{[%clk 0:00:18]} 56. Be4 {[%clk 0:00:08]} Rf4 {[%clk 0:00:18]} 57. Na3
{[%clk 0:00:06]} h4 {[%clk 0:00:17]} 58. Nb5 {[%clk 0:00:07]} Bb6+
{[%clk 0:00:16]} 59. Kd3 {[%clk 0:00:06]} h3 {[%clk 0:00:16]} 60. c7
{[%clk 0:00:07]} Bxc7 {[%clk 0:00:17]} 61. Nxc7 {[%clk 0:00:08]} Rxe4
{[%clk 0:00:17]} 62. Kxe4 {[%clk 0:00:09]} h2 {[%clk 0:00:18]} 63. Nxe6+
{[%clk 0:00:05]} Kh6 {[%clk 0:00:20]} 64. Nf4 {[%clk 0:00:04]} h1=Q+
{[%clk 0:00:19]} 65. Ke5 {[%clk 0:00:04]} Qe1+ {[%clk 0:00:19]} 66. Kf6
{[%clk 0:00:05]} Qf2 {[%clk 0:00:19]} 67. Ke5 {[%clk 0:00:06]} Qe3+
{[%clk 0:00:19]} 68. Kd6 {[%clk 0:00:04]} Qxf4+ {[%clk 0:00:20]} 69. Ke7
{[%clk 0:00:06]} Qf5 {[%clk 0:00:21]} 70. Ke8 {[%clk 0:00:07]} g5
{[%clk 0:00:20]} 71. Ke7 {[%clk 0:00:07]} g4 {[%clk 0:00:21]} 0-1

[Event "Wroclaw"]
[Site "?"]
[Date "2020.08.27"]
[Round "1.5"]
[White "Czernek, Tymon"]
[Black "Stachecki, Mikolaj"]
[Result "0-1"]
[BlackElo "1427"]
[WhiteElo "2067"]
[LiveChessVersion "1.4.8"]

1. e4 {[%clk 0:03:03]} c5 {[%clk 0:03:03]} 2. Nf3 {[%clk 0:03:04]} Nc6
{[%clk 0:03:04]} 3. d4 {[%clk 0:03:06]} cxd4 {[%clk 0:03:04]} 4. Nxd4
{[%clk 0:03:07]} Nf6 {[%clk 0:03:04]} 5. Nc3 {[%clk 0:03:08]} d6 {[%clk 0:03:05]}
6. Be2 {[%clk 0:03:02]} e5 {[%clk 0:03:06]} 7. Nb3 {[%clk 0:02:59]} Be7
{[%clk 0:03:06]} 8. O-O {[%clk 0:03:00]} O-O {[%clk 0:03:05]} 9. Be3
{[%clk 0:02:59]} a5 {[%clk 0:03:05]} 10. f3 {[%clk 0:02:54]} a4 {[%clk 0:03:00]}
11. Nd2 {[%clk 0:02:52]} Be6 {[%clk 0:02:56]} 12. Nc4 {[%clk 0:02:45]} b5
{[%clk 0:02:09]} 13. Nxb5 {[%clk 0:02:29]} d5 {[%clk 0:02:08]} 14. exd5
{[%clk 0:02:22]} Nxd5 {[%clk 0:02:09]} 15. Bf2 {[%clk 0:02:13]} Nf4
{[%clk 0:01:46]} 16. Bd3 {[%clk 0:01:55]} Nxd3 {[%clk 0:01:31]} 17. cxd3
{[%clk 0:01:56]} Nb4 {[%clk 0:01:31]} 18. Nxe5 {[%clk 0:01:25]} Qd5
{[%clk 0:01:19]} 19. Nc7 {[%clk 0:01:10]} Qxe5 {[%clk 0:01:19]} 20. Nxa8
{[%clk 0:01:11]} Rxa8 {[%clk 0:01:20]} 21. Re1 {[%clk 0:01:12]} Qxb2
{[%clk 0:01:16]} 22. a3 {[%clk 0:00:46]} Nd5 {[%clk 0:00:58]} 23. Qc1
{[%clk 0:00:21]} Bf6 {[%clk 0:00:51]} 24. Qc6 {[%clk 0:00:11]} Rd8
{[%clk 0:00:29]} 25. Rab1 {[%clk 0:00:08]} Qxa3 {[%clk 0:00:27]} 26. Rxe6
{[%clk 0:00:09]} fxe6 {[%clk 0:00:20]} 27. Qxe6+ {[%clk 0:00:10]} Kh8
{[%clk 0:00:20]} 28. Re1 {[%clk 0:00:06]} h6 {[%clk 0:00:16]} 29. Bg3
{[%clk 0:00:06]} Qc5+ {[%clk 0:00:13]} 30. Kh1 {[%clk 0:00:07]} Nc7
{[%clk 0:00:11]} 31. Qa2 {[%clk 0:00:04]} a3 {[%clk 0:00:09]} 32. Rd1
{[%clk 0:00:05]} Bb2 {[%clk 0:00:09]} 33. Re1 {[%clk 0:00:04]} Nd5
{[%clk 0:00:08]} 34. Bh4 {[%clk 0:00:03]} Rc8 {[%clk 0:00:04]} 35. Qb3
{[%clk 0:00:05]} Nc3 {[%clk 0:00:04]} 36. h3 {[%clk 0:00:05]} Qc7
{[%clk 0:00:04]} 37. Bf2 {[%clk 0:00:05]} Rb8 {[%clk 0:00:05]} 38. Qe6
{[%clk 0:00:06]} a2 {[%clk 0:00:06]} 39. Bd4 {[%clk 0:00:04]} a1=Q
{[%clk 0:00:06]} 40. Qxh6+ {[%clk 0:00:05]} Kg8 {[%clk 0:00:06]} 41. Qe6+
{[%clk 0:00:07]} Qf7 {[%clk 0:00:06]} 42. Qxf7+ {[%clk 0:00:05]} Kxf7
{[%clk 0:00:07]} 43. Rxa1 {[%clk 0:00:07]} Bxa1 {[%clk 0:00:08]} 0-1

[Event "Wroclaw"]
[Site "?"]
[Date "2020.08.27"]
[Round "1.6"]
[White "Gradalski, Olaf"]
[Black "Koziorowicz, Michal"]
[Result "1-0"]
[BlackElo "2061"]
[WhiteElo "1425"]
[LiveChessVersion "1.4.8"]

1. e4 {[%clk 0:03:03]} c5 {[%clk 0:03:04]} 2. c3 {[%clk 0:03:04]} Nf6 3. e5 Nd5
{[%clk 0:03:05]} 4. d4 {[%clk 0:03:07]} e6 {[%clk 0:03:06]} 5. Nf3
{[%clk 0:03:07]} cxd4 {[%clk 0:03:07]} 6. cxd4 {[%clk 0:03:08]} Nc6
{[%clk 0:03:08]} 7. a3 {[%clk 0:03:07]} d6 {[%clk 0:03:07]} 8. Bd3
{[%clk 0:03:07]} dxe5 {[%clk 0:02:54]} 9. dxe5 {[%clk 0:03:08]} Qc7
{[%clk 0:02:56]} 10. O-O {[%clk 0:02:53]} Bc5 {[%clk 0:02:47]} 11. b4
{[%clk 0:02:42]} Bb6 {[%clk 0:02:47]} 12. Bb2 {[%clk 0:02:41]} a5
{[%clk 0:02:41]} 13. b5 {[%clk 0:02:39]} Nce7 {[%clk 0:02:42]} 14. Nbd2
{[%clk 0:02:34]} O-O {[%clk 0:02:20]} 15. Rc1 {[%clk 0:02:02]} Qb8
{[%clk 0:02:21]} 16. Nc4 {[%clk 0:01:46]} Bc5 {[%clk 0:02:22]} 17. Bxh7+
{[%clk 0:00:32]} Kxh7 {[%clk 0:02:22]} 18. Ng5+ {[%clk 0:00:33]} Kg6
{[%clk 0:02:14]} 19. Qg4 {[%clk 0:00:31]} f5 {[%clk 0:02:06]} 20. exf6
{[%clk 0:00:31]} gxf6 {[%clk 0:01:20]} 21. Nxe6+ {[%clk 0:00:24]} Kf7
{[%clk 0:01:21]} 22. Qg7+ {[%clk 0:00:22]} Kxe6 {[%clk 0:01:21]} 23. Rfe1+
{[%clk 0:00:13]} Kd7 {[%clk 0:01:12]} 24. Qxf8 {[%clk 0:00:13]} Qf4
{[%clk 0:01:07]} 25. Ne3 {[%clk 0:00:07]} Bd6 {[%clk 0:00:39]} 26. g3
{[%clk 0:00:08]} Qf3 {[%clk 0:00:25]} 27. Nxd5 {[%clk 0:00:09]} Qxd5
{[%clk 0:00:24]} 28. Rcd1 {[%clk 0:00:10]} Qxd1 {[%clk 0:00:08]} 29. Rxd1
{[%clk 0:00:12]} b6 {[%clk 0:00:09]} 30. Qf7 {[%clk 0:00:12]} Bb7
{[%clk 0:00:08]} 31. Bxf6 {[%clk 0:00:13]} Re8 {[%clk 0:00:06]} 32. Rxd6+
{[%clk 0:00:14]} Kxd6 {[%clk 0:00:06]} 33. Qxe8 {[%clk 0:00:14]} Nd5
{[%clk 0:00:07]} 34. Qd8+ {[%clk 0:00:15]} Kc5 {[%clk 0:00:08]} 35. Be7+
{[%clk 0:00:15]} Kxb5 {[%clk 0:00:08]} 36. Qd7+ {[%clk 0:00:16]} Bc6
{[%clk 0:00:09]} 37. Qd6 {[%clk 0:00:18]} Be8 {[%clk 0:00:05]} 38. Qxd5+
{[%clk 0:00:17]} 1-0

[Event "Wroclaw"]
[Site "?"]
[Date "2020.08.27"]
[Round "1.7"]
[White "Kacprzak, Kacper"]
[Black "Piechota, Kamil"]
[Result "1-0"]
[BlackElo "1420"]
[WhiteElo "2035"]
[LiveChessVersion "1.4.8"]

1. e4 {[%clk 0:03:04]} e5 {[%clk 0:03:03]} 2. Nf3 {[%clk 0:03:05]} Nc6
{[%clk 0:03:05]} 3. Bc4 {[%clk 0:03:06]} Bc5 {[%clk 0:03:05]} 4. c3
{[%clk 0:03:07]} Nf6 {[%clk 0:03:06]} 5. d3 {[%clk 0:03:09]} d6 {[%clk 0:03:07]}
6. Bb3 {[%clk 0:03:10]} a6 {[%clk 0:03:06]} 7. Nbd2 {[%clk 0:03:11]} Bg4
{[%clk 0:03:05]} 8. h3 {[%clk 0:03:13]} Bh5 {[%clk 0:03:07]} 9. Nf1
{[%clk 0:03:14]} Qd7 {[%clk 0:02:58]} 10. Ng3 {[%clk 0:03:14]} Bg6
{[%clk 0:02:59]} 11. Qe2 {[%clk 0:03:12]} O-O {[%clk 0:02:56]} 12. O-O
{[%clk 0:03:12]} Nh5 {[%clk 0:02:33]} 13. Nxh5 {[%clk 0:02:38]} Bxh5
{[%clk 0:02:33]} 14. Be3 {[%clk 0:02:36]} Bxe3 {[%clk 0:02:19]} 15. Qxe3
{[%clk 0:02:37]} Ne7 {[%clk 0:02:12]} 16. Nh4 {[%clk 0:02:24]} Kh8
{[%clk 0:01:56]} 17. f4 {[%clk 0:02:15]} exf4 {[%clk 0:01:44]} 18. Qxf4
{[%clk 0:02:05]} Ng6 {[%clk 0:01:41]} 19. Nxg6+ {[%clk 0:01:50]} Bxg6
{[%clk 0:01:41]} 20. Rae1 {[%clk 0:01:45]} Rae8 {[%clk 0:01:42]} 21. d4
{[%clk 0:01:30]} Re7 {[%clk 0:01:25]} 22. Rf2 {[%clk 0:01:19]} h6
{[%clk 0:01:13]} 23. Rfe2 {[%clk 0:01:14]} Rfe8 {[%clk 0:01:14]} 24. Kh2
{[%clk 0:00:59]} c5 {[%clk 0:01:02]} 25. Bd5 {[%clk 0:00:54]} cxd4
{[%clk 0:00:51]} 26. cxd4 {[%clk 0:00:56]} Qa4 {[%clk 0:00:43]} 27. Rd2
{[%clk 0:00:40]} Qb5 {[%clk 0:00:36]} 28. h4 {[%clk 0:00:27]} Qd7
{[%clk 0:00:23]} 29. g4 {[%clk 0:00:22]} Bh7 {[%clk 0:00:24]} 30. h5
{[%clk 0:00:24]} Rf8 {[%clk 0:00:25]} 31. Rc1 {[%clk 0:00:23]} Qe8
{[%clk 0:00:23]} 32. Re1 {[%clk 0:00:22]} Qd7 {[%clk 0:00:24]} 33. Rde2
{[%clk 0:00:23]} Rfe8 {[%clk 0:00:22]} 34. b3 {[%clk 0:00:19]} b5
{[%clk 0:00:23]} 35. Kg3 {[%clk 0:00:17]} Kg8 {[%clk 0:00:21]} 36. Re3
{[%clk 0:00:18]} Qc7 {[%clk 0:00:17]} 37. R1e2 {[%clk 0:00:19]} Qd7
{[%clk 0:00:13]} 38. b4 {[%clk 0:00:16]} Qc7 {[%clk 0:00:14]} 39. a3
{[%clk 0:00:17]} Qd7 {[%clk 0:00:15]} 40. Rc2 {[%clk 0:00:18]} Rc8
{[%clk 0:00:16]} 41. Rxc8+ {[%clk 0:00:18]} Qxc8 {[%clk 0:00:17]} 42. Qxd6
{[%clk 0:00:16]} Qe8 {[%clk 0:00:18]} 43. e5 {[%clk 0:00:13]} Ra7
{[%clk 0:00:09]} 44. e6 {[%clk 0:00:13]} fxe6 45. Rxe6 1-0

[Event "Wroclaw"]
[Site "?"]
[Date "2020.08.27"]
[Round "1.8"]
[White "Ciborowski, Konrad Jr"]
[Black "Suder, Jakub"]
[Result "0-1"]
[BlackElo "2031"]
[WhiteElo "1417"]
[LiveChessVersion "1.4.8"]

1. f4 {[%clk 0:03:03]} d5 {[%clk 0:02:58]} 2. Nf3 {[%clk 0:03:04]} Nf6
{[%clk 0:02:57]} 3. g3 {[%clk 0:03:05]} Bg4 {[%clk 0:02:57]} 4. Bg2
{[%clk 0:03:04]} e6 {[%clk 0:02:57]} 5. O-O {[%clk 0:02:42]} Nbd7
{[%clk 0:02:58]} 6. d3 {[%clk 0:02:33]} c6 {[%clk 0:02:56]} 7. Qe1
{[%clk 0:02:23]} Qc7 {[%clk 0:02:47]} 8. e4 {[%clk 0:02:13]} dxe4
{[%clk 0:02:47]} 9. dxe4 {[%clk 0:02:14]} h5 {[%clk 0:02:40]} 10. h3
{[%clk 0:01:20]} Bxf3 {[%clk 0:02:40]} 11. Bxf3 {[%clk 0:01:21]} O-O-O
{[%clk 0:02:31]} 12. Nc3 {[%clk 0:01:18]} Bc5+ {[%clk 0:02:31]} 13. Be3
{[%clk 0:01:18]} h4 {[%clk 0:02:30]} 14. Bxc5 {[%clk 0:01:12]} Nxc5
{[%clk 0:02:30]} 15. Qe3 {[%clk 0:01:13]} Na6 {[%clk 0:01:48]} 16. g4
{[%clk 0:01:11]} Kb8 {[%clk 0:01:44]} 17. Be2 {[%clk 0:01:12]} Nb4
{[%clk 0:01:39]} 18. Rac1 {[%clk 0:01:09]} c5 {[%clk 0:01:38]} 19. a3
{[%clk 0:01:11]} Nc6 {[%clk 0:01:36]} 20. Qxc5 {[%clk 0:01:08]} a6
{[%clk 0:01:24]} 21. b4 {[%clk 0:01:07]} Nd4 {[%clk 0:01:20]} 22. Qxc7+
{[%clk 0:01:07]} Kxc7 {[%clk 0:01:20]} 23. Bd3 {[%clk 0:01:05]} Rd7
{[%clk 0:01:10]} 24. g5 {[%clk 0:00:58]} Nh5 {[%clk 0:01:10]} 25. Rfd1
{[%clk 0:00:48]} Nxf4 {[%clk 0:01:09]} 26. Na4 {[%clk 0:00:41]} Nde2+
{[%clk 0:01:07]} 27. Bxe2 {[%clk 0:00:35]} Nxe2+ {[%clk 0:01:07]} 28. Kf2
{[%clk 0:00:36]} Nxc1 {[%clk 0:01:08]} 29. Rxc1 {[%clk 0:00:36]} b6
{[%clk 0:01:09]} 30. c4 {[%clk 0:00:37]} Rhd8 {[%clk 0:01:08]} 31. c5
{[%clk 0:00:38]} b5 {[%clk 0:01:09]} 32. Nb6 {[%clk 0:00:39]} Rd2+
{[%clk 0:01:10]} 33. Ke3 {[%clk 0:00:40]} R8d3+ {[%clk 0:01:06]} 34. Kf4
{[%clk 0:00:41]} f6 {[%clk 0:01:01]} 35. gxf6 {[%clk 0:00:42]} gxf6
{[%clk 0:01:02]} 36. Kg4 {[%clk 0:00:43]} Rg2+ {[%clk 0:00:54]} 37. Kxh4
{[%clk 0:00:41]} Rgg3 {[%clk 0:00:51]} 38. Rf1 {[%clk 0:00:32]} Rxh3+
{[%clk 0:00:51]} 39. Kg4 {[%clk 0:00:34]} Rdg3+ {[%clk 0:00:52]} 40. Kf4
{[%clk 0:00:35]} Rxa3 {[%clk 0:00:51]} 41. Kg4 {[%clk 0:00:36]} Rag3+
{[%clk 0:00:51]} 42. Kf4 {[%clk 0:00:37]} Rb3 {[%clk 0:00:51]} 43. Kg4
{[%clk 0:00:37]} Rhg3+ {[%clk 0:00:52]} 44. Kh4 {[%clk 0:00:38]} Rg6
{[%clk 0:00:52]} 45. Rd1 {[%clk 0:00:32]} Rg7 {[%clk 0:00:50]} 46. Rf1
{[%clk 0:00:33]} Rb2 {[%clk 0:00:46]} 47. Kh3 {[%clk 0:00:34]} Rb3+
{[%clk 0:00:46]} 48. Kh4 {[%clk 0:00:35]} Rxb4 {[%clk 0:00:46]} 49. Rxf6
{[%clk 0:00:36]} Rxe4+ {[%clk 0:00:47]} 50. Kh3 {[%clk 0:00:36]} Re5
{[%clk 0:00:46]} 51. Rh6 {[%clk 0:00:30]} Rxc5 {[%clk 0:00:45]} 52. Rxe6
{[%clk 0:00:29]} Rh5# 0-1